00507nam a2200145Ia 4500003000900000008004100009020002600050040001600076100002300092245005800115260003200173300002000205490003300225856010300258IN-BaIIA211028s9999 xx s 000 0 eng d a9780819443045 (Print) cIIA Library aVo-Dinh, Tuan, ed. 0aAdvanced Environmental Sensing Technology IIh[eBook] aWashington, USAbSPIEc2002 aOnline resource aProceedings of SPIE; V. 4576 uhttps://www.spiedigitallibrary.org/conference-proceedings-of-spie/4576yClick Here to Access eBook